El capitalismo del siglo XX.

Detalles Bibliográficos
Autor principal: Varga, Eugene 1879-1964
Formato: Libro
Lenguaje:inglés
Publicado: Moscu Ediciones en lenguas extranjeras [1960?]

MARC

LEADER 00000cam a2200000 a 4500
001 008833
003 UAHC_CL
005 20170803120513.0
008 021223b xx j 000 1 eng
040 |a UAHC_CL  |c UAHC_CL  |d UAHC_CL 
100 1 |a Varga, Eugene  |d 1879-1964 
245 1 3 |a El capitalismo del siglo XX. 
260 |b Ediciones en lenguas extranjeras  |a Moscu  |c [1960?] 
300 |a 168 p. 
900 |a 330.122 VAR 
942 |c BK 
952 |0 0  |1 0  |4 0  |6 330_122000000000000_VAR  |7 0  |8 General  |9 18706  |a BC  |b BC  |c General  |d 2017-08-03  |l 0  |o 330.122 VAR  |p 1335261  |r 2019-12-02 00:00:00  |t 1  |w 2017-08-03  |y BK 
999 |c 8833  |d 8833